000
00260nam a2200109Ia 4500
005
20251222114358.0
008
251222s1900||||xx |||||||||||||| ||spa||
082
_a
DVD0092/S25F/2006
245
0
_a
La fuerza del espíritu.
264
_b
Salas, Raúl.
942
_c
DVD
999
_c
1521
_d
1521